Retraso mental / (Record no. 91289)

MARC details
000 -CABECERA
campo de control de longitud fija 00701nam a2200229 a 4500
005 - FECHA Y HORA DE LA ÚLTIMA TRANSACCIÓN
campo de control 20240813063856.0
008 - ELEMENTOS DE LONGITUD FIJA--INFORMACIÓN GENERAL
campo de control de longitud fija 020906s1985 es r 000 0 spa d
020 ## - NÚMERO INTERNACIONAL NORMALIZADO PARA LIBROS
Número Internacional Estándar del Libro 8471121743
035 ## - NÚMERO DE CONTROL DEL SISTEMA
Número de control de sistema UPN01000118927
049 ## - COLECCIÓN
Colección CG
050 #4 - SIGNATURA TOPOGRÁFICA DE LA BIBLIOTECA DEL CONGRESO
Número de clasificación RC570
Número de documento/Ítem E3.78 1985
100 1# - ASIENTO PRINCIPAL--NOMBRE PERSONAL
Nombre de persona Edgerton, Robert,
Fechas asociadas al nombre 1931-
245 10 - MENCIÓN DE TÍTULO
Título Retraso mental /
Mención de responsabilidad, etc. Robert Edgerton ; tr. Alfredo Guera Miralles.
250 ## - MENCIÓN DE EDICIÓN
Mención de edición 2a ed.
260 ## - PUBLICACIÓN, DISTRIBUCIÓN, ETC.
Lugar de publicación, distribución, etc. Madrid :
Nombre del editor, distribuidor, etc. Morata,
Fecha de publicación, distribución, etc. c1985.
300 ## - DESCRIPCIÓN FÍSICA
Extensión 189 p.
440 #0 - MENCIÓN DE SERIE/ASIENTO SECUNDARIO--TÍTULO
Título Psicología.
Nombre de parte o sección de la obra El desarrollo en el niño ;
Designación de volumen o secuencia 12
534 ## - NOTA SOBRE LA VERSIÓN ORIGINAL
Frase introductoria Traducción de:
Mención de título del original Mental retardation
650 #4 - ASIENTO SECUNDARIO DE MATERIA - TERMINO TEMATICO
Término de materia o nombre geográfico como elemento de entrada Niños con discapacidad mental
9 (RLIN) 3820
650 #0 - ASIENTO SECUNDARIO DE MATERIA - TERMINO TEMATICO
Término de materia o nombre geográfico como elemento de entrada Personas con discapacidad mental
9 (RLIN) 5134
905 ## - TIPO DE MATERIAL
Tipo de material Libro
Holdings
Estado de retiro Estado de pérdida Fuente del sistema de clasificación o colocación Estado dañado No para préstamo Código de colección Localización permanente Ubicación/localización actual Ubicación en estantería Total de préstamos Clasificación Código de barras Fecha visto por última vez Número de copia Tipo de ítem Koha
    Library of Congress Classification     Colección General Bib. Gregorio Torres Quintero Bib. Gregorio Torres Quintero Planta baja 14 RC570 E3.78 1985 190937 31/12/2020 1 Libro